British Qualifications : (Record no. 15084)
[ view plain ]
| 000 -LEADER | |
|---|---|
| fixed length control field | 01520cas a2200397 a 4500 |
| 001 - CONTROL NUMBER | |
| control field | 11257952 |
| 005 - DATE AND TIME OF LATEST TRANSACTION | |
| control field | 20100701151402.0 |
| 008 - FIXED-LENGTH DATA ELEMENTS--GENERAL INFORMATION | |
| fixed length control field | 780628c19662007enkar |dr 001 0 eng c |
| 010 ## - LIBRARY OF CONGRESS CONTROL NUMBER | |
| LC control number | 82640253 |
| 020 ## - INTERNATIONAL STANDARD BOOK NUMBER | |
| International Standard Book Number | 0749448024 |
| 022 9# - INTERNATIONAL STANDARD SERIAL NUMBER | |
| International Standard Serial Number | 0141-5972 |
| 035 ## - SYSTEM CONTROL NUMBER | |
| System control number | (OCoLC)ocm04013638 |
| 037 ## - | |
| -- | Kogan Page Ltd., 120 Pentonville Rd., London N1, England |
| 040 ## - CATALOGING SOURCE | |
| Original cataloging agency | CtY |
| Transcribing agency | CtY |
| Modifying agency | FU |
| -- | DLC |
| -- | NST |
| -- | DLC |
| -- | NST |
| -- | MH |
| -- | NST |
| -- | OCoLC |
| -- | NLGGC |
| -- | CaQQL |
| -- | NYDWH |
| -- | InU |
| -- | NIALS |
| -- | OCoLC |
| 042 ## - AUTHENTICATION CODE | |
| Authentication code | pcc |
| 043 ## - GEOGRAPHIC AREA CODE | |
| Geographic area code | e-uk--- |
| 050 00 - LIBRARY OF CONGRESS CALL NUMBER | |
| Classification number | L915 |
| Item number | .B68 |
| 082 00 - DEWEY DECIMAL CLASSIFICATION NUMBER | |
| Classification number | 378.01302541 |
| Item number | BRI |
| 245 00 - TITLE STATEMENT | |
| Title | British Qualifications : |
| Remainder of title | A Complete Guide to Professonal, Vocational & Academic Qualifications in the United kingdom / |
| 260 ## - PUBLICATION, DISTRIBUTION, ETC. (IMPRINT) | |
| Place of publication, distribution, etc | London : |
| Name of publisher, distributor, etc | Kogan Page, 2007 |
| Date of publication, distribution, etc | 2007 |
| 300 ## - PHYSICAL DESCRIPTION | |
| Extent | 978 p. ; |
| Dimensions | 23 cm. |
| 310 ## - CURRENT PUBLICATION FREQUENCY | |
| Current publication frequency | Annual, |
| Date of current publication frequency | 1973- |
| 321 ## - FORMER PUBLICATION FREQUENCY | |
| Former publication frequency | Irregular, |
| -- | 1966-72 |
| 362 1# - DATES OF PUBLICATION AND/OR SEQUENTIAL DESIGNATION | |
| Dates of publication and/or sequential designation | Began in 1966. |
| 500 ## - GENERAL NOTE | |
| General note | Includes index. |
| 590 ## - LOCAL NOTE (RLIN) | |
| Local note | SERBIB/SERLOC merged record |
| 650 #0 - SUBJECT ADDED ENTRY--TOPICAL TERM | |
| Topical term or geographic name as entry element | Universities and colleges |
| Geographic subdivision | Great Britain |
| Form subdivision | Directories. |
| 9 (RLIN) | 22952 |
| 650 #0 - SUBJECT ADDED ENTRY--TOPICAL TERM | |
| Topical term or geographic name as entry element | Professional education |
| Geographic subdivision | Great Britain |
| Form subdivision | Directories. |
| 9 (RLIN) | 22953 |
| 650 #0 - SUBJECT ADDED ENTRY--TOPICAL TERM | |
| Topical term or geographic name as entry element | Education, Higher |
| Geographic subdivision | Great Britain |
| 9 (RLIN) | 22951 |
| 653 ## - INDEX TERM--UNCONTROLLED | |
| Resource For college | |
| Arrived date list | April2011 |
| 942 ## - ADDED ENTRY ELEMENTS (KOHA) | |
| Source of classification or shelving scheme | Dewey Decimal Classification |
| Item type | Reference (NB) |
| Withdrawn status | Item status | Source of classification or shelving scheme | Damaged status | Not for loan | Vendor | Home library | Current library | Shelving location | Date acquired | Source of acquisition | Cost, normal purchase price | Total Checkouts | Full call number | Barcode | Date last seen | Koha item type |
|---|---|---|---|---|---|---|---|---|---|---|---|---|---|---|---|---|
| Dewey Decimal Classification | AUC | Central Library | Central Library | Ground Floor | 07/04/2011 | 480.00 | 378.01302541 BRI | 000023190 | 15/07/2025 | Reference (NB) |